000 nam a22 a 4500
999 _c4040
_d4040
003 AKMAL
005 20170525084222.0
008 170525s1995 my 001 0 eng d
020 _a9679784959:
_cRM 39.00
040 _aAKMAL
_cAKMAL
082 0 4 _a923.2595 MUB
090 _a923.2595
_bMUB
100 1 _aMubin Sheppard,
_cTan Sri Datuk,
_d1905-1994
_94816
245 1 0 _aTunku :
_bhis life and times,the authorized biography of Tunku Abdul Rahman Putra al-Haj /
_cMubin Sheppard
260 _aPetaling Jaya :
_bPelanduk Publications,
_c1995
300 _a230p. :
_bill. ;
_c23cm.
500 _aIncludes index
500 _aKoleksi Peribadi YABhg. Tun Ahmad Sarji (2100191)
600 1 0 _aTunku Abdul Rahman Putra,
_cal-Haj,
_d1903-1990
_9569
856 4 1 _uftp://tag856.pnm.gov.my/tag856/buku/9679784959.pdf
_yElectronic Resource
942 _2ddc
_cBOOK